[Event "XXXV Memorial Edoardo Crespi Magistrale"]
[Site "Milano ITA"]
[Date "2014.12.10"]
[Round "6"]
[White "Battistella, Stefano"]
[Black "Andreoni, Giuseppe"]
[WhiteElo "2055"]
[BlackElo "2179"]
[Result "0-1"]
[PlyCount "98"]
[EventDate "2014.12.06"]

1. d4 Nf6 2. c4 g6 3. Nc3 d5 4. cxd5 Nxd5 5. e4 Nxc3 6. bxc3 Bg7 7. Qa4+ Nd7 8.
Nf3 O-O 9. Be2 c5 10. O-O cxd4 11. cxd4 Nc5 12. dxc5 Bxa1 13. e5 Qc7 14. Qf4
Be6 15. Be3 Bc3 16. Rc1 Ba5 17. Qh6 f6 18. h4 Rf7 19. h5 Rg7 20. Bd3 Rd8 21.
Bd4 f5 22. Qe3 Qd7 23. h6 Rf7 24. Qf4 Bc7 25. Be2 Bxa2 26. Ra1 Bd5 27. Ng5 Rff8
28. Bc3 e6 29. Rxa7 Ra8 30. Rxa8 Rxa8 31. Nh3 Qa4 32. Qd2 Ba5 33. Qg5 Bxc3 34.
Qe7 Qa1+ 35. Bf1 Bxe5 36. Ng5 Bg7 37. Qf7+ Kh8 38. Qd7 Qf6 39. Nxe6 Bxe6 40.
hxg7+ Kg8 41. Qxb7 Rd8 42. Qc7 Rc8 43. Qb6 Kxg7 44. Ba6 Qa1+ 45. Kh2 Qe5+ 46.
f4 Qxf4+ 47. Kh1 Qh6+ 48. Kg1 Qe3+ 49. Kh1 Rxc5 0-1

[Event "XXXV Memorial Edoardo Crespi Magistrale"]
[Site "Milano ITA"]
[Date "2014.12.09"]
[Round "6"]
[White "Garano, Nicola"]
[Black "Olea, Liliana"]
[WhiteElo "2189"]
[BlackElo "1928"]
[Result "0-1"]
[PlyCount "59"]
[EventDate "2014.12.06"]

1. e4 e5 2. Nf3 Nc6 3. Bb5 a6 4. Ba4 Nf6 5. O-O b5 6. Bb3 Bc5 7. d3 d6 8. c3
Bb6 9. h3 h6 10. d4 O-O 11. Qd3 Bb7 12. a3 exd4 13. cxd4 Na5 14. Bd5 Nxd5 15.
exd5 Bxd5 16. Nbd2 Qf6 17. b3 Nc6 18. Bb2 Ne7 19. a4 c6 20. Rfe1 Ng6 21. Ne4
Qf5 22. g4 Nf4 23. Qf1 Qd7 24. Bc1 f5 25. Ng3 fxg4 26. Bxf4 Rxf4 27. Nh4 Bxd4
28. Ra2 Qf7 29. Ng2 Rf3 30. Kh2 0-1

[Event "XXXV Memorial Edoardo Crespi Magistrale"]
[Site "Milano ITA"]
[Date "2014.12.10"]
[Round "6"]
[White "Gedajlovic, Max"]
[Black "Gabuzyan, Hovhannes"]
[WhiteElo "2104"]
[BlackElo "2565"]
[Result "0-1"]
[PlyCount "84"]
[EventDate "2014.12.06"]

1. d4 Nf6 2. Nf3 g6 3. Nbd2 Bg7 4. e4 O-O 5. Bd3 d6 6. O-O Nc6 7. c3 e5 8. Re1
Re8 9. h3 a6 10. Nb3 h6 11. Bd2 Nh5 12. a4 Qf6 13. d5 Ne7 14. c4 Nf4 15. Bf1 g5
16. Nh2 Qg6 17. c5 f5 18. f3 fxe4 19. fxe4 h5 20. Bxf4 exf4 21. Be2 g4 22. hxg4
Bxb2 23. gxh5 Qg3 24. Nf1 Qg5 25. Rb1 Bc3 26. Nfd2 Kh8 27. Qc2 Bf6 28. Bf3 Rg8
29. Nc4 Bg4 30. Rf1 Rg7 31. Rbe1 Rag8 32. Re2 Qxh5 33. Qd3 Rh7 34. Rd2 Qh2+ 35.
Kf2 Bxf3 36. Qxf3 Rg3 37. Qxf4 Rxg2+ 38. Ke1 Qxf4 39. Rxf4 Rh1+ 40. Rf1 Bh4+
41. Kd1 Rxf1+ 42. Kc2 Rxd2+ 0-1

[Event "XXXV Memorial Edoardo Crespi Magistrale"]
[Site "Milano ITA"]
[Date "2014.12.10"]
[Round "6"]
[White "Goossens, Hanne"]
[Black "Pelizzola, Danilo"]
[WhiteElo "2090"]
[BlackElo "2033"]
[Result "1-0"]
[PlyCount "62"]
[EventDate "2014.12.06"]

1. e4 e5 2. Nf3 Nc6 3. Bc4 Bc5 4. c3 Nf6 5. d3 d6 6. Bb3 Qe7 7. O-O O-O 8. Bg5
h6 9. Bh4 Bg4 10. Nbd2 g5 11. Bg3 Nh5 12. Nc4 b5 13. Ne3 Bxe3 14. fxe3 Nxg3 15.
hxg3 Rab8 16. Qe1 Kg7 17. Nh2 Be6 18. Qe2 f6 19. Rf2 Rf7 20. Qh5 Rh8 21. Raf1
Rff8 22. Bxe6 Qxe6 23. Ng4 Nd8 24. Rxf6 Rxf6 25. Rxf6 Qxf6 26. Nxf6 Kxf6 27. d4
Nf7 28. Qg4 Ke7 29. d5 Rd8 30. Qe6+ Kf8 31. b4 Kg7 1-0

[Event "XXXV Memorial Edoardo Crespi Magistrale"]
[Site "Milano ITA"]
[Date "2014.12.10"]
[Round "6"]
[White "Motola, Jacopo"]
[Black "D'Avino, Gianfranco"]
[WhiteElo "2069"]
[BlackElo "2137"]
[Result "1-0"]
[PlyCount "81"]
[EventDate "2014.12.06"]

1. e4 d5 2. exd5 Nf6 3. Nf3 Nxd5 4. d4 e6 5. c4 Nf6 6. Nc3 c5 7. g3 b6 8. Bg2
Bb7 9. O-O cxd4 10. Nxd4 Bxg2 11. Kxg2 Bc5 12. Qf3 Nbd7 13. Nc6 Qc7 14. Bf4 Qb7
15. Nb5 Kf8 16. b4 Be7 17. Rfd1 a6 18. Bd6 Bxd6 19. Nxd6 Qc7 20. Ne5 Nxe5 21.
Qxa8+ Ke7 22. Qb7 Qxb7+ 23. Nxb7 Nxc4 24. Rac1 Rb8 25. Rxc4 Rxb7 26. Rc8 Nd5
27. Rd4 Rd7 28. Rh8 h6 29. Rg8 e5 30. Rc4 g6 31. a3 Rd8 32. Rc8 Rxg8 33. Rxg8
Nc7 34. Rb8 b5 35. Rb6 e4 36. g4 Kd7 37. h4 Ke7 38. Kg3 Kd7 39. h5 Nd5 40. hxg6
fxg6 41. Rxg6 1-0

[Event "XXXV Memorial Edoardo Crespi Magistrale"]
[Site "Milano ITA"]
[Date "2014.12.10"]
[Round "6"]
[White "Nicolo', Filippo"]
[Black "Legky, Nikolay A."]
[WhiteElo "2062"]
[BlackElo "2406"]
[Result "0-1"]
[PlyCount "74"]
[EventDate "2014.12.06"]

1. e4 e6 2. d4 d5 3. exd5 Qxd5 4. c4 Qd8 5. Nf3 Nf6 6. Nc3 c5 7. d5 exd5 8.
cxd5 Bd6 9. Bb5+ Nbd7 10. O-O O-O 11. Bg5 Qc7 12. a4 a6 13. Bc4 Ng4 14. h3 Nge5
15. b3 h6 16. Be3 Re8 17. Nd2 Nf6 18. Qc2 Kh8 19. a5 Bd7 20. Rfc1 Rad8 21. Bf1
Ng6 22. Nc4 Ne7 23. Nb6 Nf5 24. Nxd7 Nxe3 25. fxe3 Qxd7 26. Qf2 Qe7 27. e4 Qe5
28. g4 Nxe4 29. Nxe4 Qxe4 30. Bg2 Qe5 31. Bf3 Qf4 32. Rc4 Qf6 33. Rf1 Qg5 34.
Bg2 Re3 35. Re4 Rxe4 36. Bxe4 Re8 37. Qf5 Qe3+ 0-1

[Event "XXXV Memorial Edoardo Crespi Magistrale"]
[Site "Milano ITA"]
[Date "2014.12.10"]
[Round "6"]
[White "Pavlidis, Anastasios"]
[Black "Stella, Andrea"]
[WhiteElo "2354"]
[BlackElo "2410"]
[Result "1-0"]
[PlyCount "119"]
[EventDate "2014.12.06"]

1. d4 Nf6 2. c4 g6 3. Nc3 d5 4. cxd5 Nxd5 5. e4 Nxc3 6. bxc3 Bg7 7. Nf3 c5 8.
Rb1 O-O 9. Be2 cxd4 10. cxd4 Qa5+ 11. Bd2 Qxa2 12. O-O b6 13. Qc1 Qe6 14. Bc4
Qxe4 15. Re1 Qb7 16. Bb4 Be6 17. Rxe6 fxe6 18. Ng5 Nc6 19. Nxe6 Kh8 20. Bc3 Bf6
21. Qh6 Rf7 22. h4 Qc8 23. h5 g5 24. Rc1 Nd8 25. Nxd8 Qxc4 26. Bd2 Qd5 27.
Nxf7+ Qxf7 28. Bxg5 Bxd4 29. Be3 Bf6 30. Rc7 Qd5 31. g3 a5 32. Bd2 Bg7 33. Qe3
Qd4 34. Qxe7 Rf8 35. Qxf8+ Bxf8 36. Bc3 Qxc3 37. Rxc3 a4 38. Rc8 Kg7 39. Rc7+
Kg8 40. Kf1 a3 41. Ra7 Bb4 42. Ra4 b5 43. Ra8+ Bf8 44. Ke2 b4 45. Kd3 b3 46.
Kc3 b2 47. Kc2 h6 48. Kb1 Kg7 49. Ra6 Be7 50. Rg6+ Kh7 51. f4 Bc5 52. f5 Bf8
53. f6 Kh8 54. f7 Bg7 55. Rf6 Bf8 56. Rg6 Bg7 57. g4 Kh7 58. Ka2 Kh8 59. g5 Kh7
60. Rxh6+ 1-0

[Event "XXXV Memorial Edoardo Crespi Magistrale"]
[Site "Milano ITA"]
[Date "2014.12.10"]
[Round "6"]
[White "Ricci, Marco"]
[Black "Brociner, Beniamino"]
[WhiteElo "2048"]
[BlackElo "2202"]
[Result "1/2-1/2"]
[PlyCount "104"]
[EventDate "2014.12.06"]

1. e4 c5 2. Nf3 g6 3. d4 cxd4 4. Nxd4 Bg7 5. c4 Nc6 6. Be3 Nf6 7. Nc3 d6 8. Be2
O-O 9. O-O a6 10. Rc1 Nxd4 11. Bxd4 Be6 12. Qd2 Qa5 13. Rfd1 Rfc8 14. Bxf6 Bxf6
15. Nd5 Qxd2 16. Nxf6+ Kg7 17. Nh5+ gxh5 18. Rxd2 h4 19. f4 b5 20. Rdc2 b4 21.
f5 Bd7 22. c5 Rxc5 23. Rxc5 dxc5 24. Rxc5 Rc8 25. Rxc8 Bxc8 26. Kf2 Kf6 27. Ke3
Ke5 28. Bc4 f6 29. a3 a5 30. axb4 axb4 31. Bd3 Bb7 32. Bb1 Bc6 33. Bc2 Bb5 34.
g3 hxg3 35. hxg3 Bc4 36. Bd3 Bb3 37. Bb1 Bd1 38. Bd3 h6 39. Ba6 Ba4 40. Bd3 Bb3
41. Ba6 Bc2 42. Bb7 Bb1 43. Bd5 Bc2 44. Bb7 Bb3 45. Ba6 e6 46. fxe6 Bxe6 47.
Bd3 Bb3 48. Ba6 Bc2 49. Bb7 Bb1 50. Ba8 Ba2 51. Bb7 Bc4 52. Bc8 Bb5 1/2-1/2

[Event "XXXV Memorial Edoardo Crespi Magistrale"]
[Site "Milano ITA"]
[Date "2014.12.10"]
[Round "6"]
[White "Rozentalis, Eduardas"]
[Black "Cazzaniga, Walter"]
[WhiteElo "2600"]
[BlackElo "2115"]
[Result "1-0"]
[PlyCount "57"]
[EventDate "2014.12.06"]

1. e4 e6 2. d4 d5 3. e5 c5 4. c3 Nc6 5. Nf3 Qb6 6. a3 c4 7. Nbd2 Na5 8. g3 Bd7
9. Bg2 f6 10. O-O O-O-O 11. Qe2 Nh6 12. Nh4 f5 13. Ndf3 Nb3 14. Rb1 Nxc1 15.
Rfxc1 Be7 16. Nd2 g5 17. Nhf3 g4 18. Ne1 Ba4 19. Nxc4 Qa6 20. b3 Be8 21. Qd2
Nf7 22. Ne3 Qa5 23. Nd3 Kb8 24. b4 Qb6 25. Nc5 Ng5 26. c4 Ne4 27. Qc2 Bg5 28.
cxd5 exd5 29. Nxd5 1-0

[Event "XXXV Memorial Edoardo Crespi Magistrale"]
[Site "Milano ITA"]
[Date "2014.12.10"]
[Round "6"]
[White "Tramalloni, Luca"]
[Black "Arigoni, Bruno"]
[WhiteElo "2053"]
[BlackElo "2029"]
[Result "1-0"]
[PlyCount "101"]
[EventDate "2014.12.06"]

1. d4 Nf6 2. Bg5 b6 3. Nf3 Bb7 4. Nbd2 d5 5. e3 Nbd7 6. Bd3 Ne4 7. Bf4 e6 8.
Qe2 a6 9. O-O Be7 10. c4 h5 11. cxd5 exd5 12. Rac1 c5 13. dxc5 bxc5 14. Bxe4
dxe4 15. Ne5 Nf6 16. Bg5 Qc7 17. Nec4 a5 18. Rfd1 Ra6 19. Nf1 h4 20. Bf4 Qc8
21. Bd6 Nd5 22. Bxe7 Kxe7 23. h3 Rg6 24. Kh1 Qf5 25. Nh2 Rh5 26. Nxa5 Bc8 27.
Rxc5 Rxg2 28. Kxg2 Qxh3+ 29. Kh1 Nf4 30. Rc7+ Kf6 31. exf4 Rxa5 32. Rd6+ Be6
33. Qg4 Qxg4 34. Nxg4+ Kf5 35. Ne3+ Kxf4 36. a3 Kf3 37. Rd2 g5 38. Rc3 Kf4 39.
b4 Re5 40. Rc5 f5 41. Ng2+ Kf3 42. Rxe5 Bc8 43. Rc2 h3 44. Ne3 f4 45. Nf1 Kg4
46. Rxc8 Kf3 47. Rc2 Kg4 48. Nh2+ Kh5 49. Rc6 e3 50. Ree6 g4 51. Rc5+ 1-0

[Event "XXXV Memorial Edoardo Crespi Magistrale"]
[Site "Milano ITA"]
[Date "2014.12.10"]
[Round "6"]
[White "Vanheirzeele, Daniel"]
[Black "Podini, Francesco"]
[WhiteElo "2081"]
[BlackElo "2000"]
[Result "1/2-1/2"]
[PlyCount "23"]
[EventDate "2014.12.06"]

1. d4 e6 2. c4 b6 3. e4 Bb7 4. Nd2 g6 5. Ngf3 Bg7 6. Bd3 Ne7 7. O-O O-O 8. Re1
c5 9. d5 e5 10. Nf1 d6 11. h3 h6 12. Bd2 1/2-1/2

[Event "XXXV Memorial Edoardo Crespi Magistrale"]
[Site "Milano ITA"]
[Date "2014.12.10"]
[Round "6"]
[White "Vezzosi, Paolo"]
[Black "Alvarado Diaz, Alejandro"]
[WhiteElo "2291"]
[BlackElo "2358"]
[Result "1-0"]
[PlyCount "113"]
[EventDate "2014.12.06"]

1. d4 Nf6 2. Nf3 g6 3. Nc3 d5 4. Bf4 Bg7 5. e3 O-O 6. Be2 c5 7. O-O cxd4 8.
exd4 Nc6 9. Ne5 Bf5 10. Nxc6 bxc6 11. Be5 Bh6 12. Bd3 Bxd3 13. Qxd3 Nd7 14. Qh3
Nxe5 15. Qxh6 Nc4 16. b3 Nd6 17. Rad1 e6 18. Rd3 Qf6 19. Re1 Rac8 20. Na4 Ne4
21. f3 Nd6 22. Nc5 Rfe8 23. Qd2 Nf5 24. Qf4 Re7 25. g4 Qh4 26. Re2 h5 27. h3
Ng7 28. Kg2 Ne8 29. Rc3 Qf6 30. Nd3 hxg4 31. hxg4 Qxf4 32. Nxf4 Rec7 33. Nd3
Nd6 34. Nc1 Nb5 35. Rd3 Re7 36. Kg3 Kg7 37. a4 Nd6 38. Rh2 e5 39. Re3 f6 40.
Rhe2 Rce8 41. Kf2 Kf7 42. c3 g5 43. Ke1 Kg6 44. Kd2 e4 45. fxe4 dxe4 46. Rh3 f5
47. Reh2 e3+ 48. Ke2 fxg4 49. Rh6+ Kf5 50. Rxd6 g3 51. Rh1 Kg4 52. Rf6 g2 53.
Rg1 Kg3 54. Nd3 Re6 55. Rxe6 Rxe6 56. Ne1 g4 57. Rxg2+ 1-0

[Event "XXXV Memorial Edoardo Crespi Magistrale"]
[Site "Milano ITA"]
[Date "2014.12.11"]
[Round "7"]
[White "Alvarado Diaz, Alejandro"]
[Black "Goossens, Hanne"]
[WhiteElo "2358"]
[BlackElo "2090"]
[Result "1-0"]
[PlyCount "99"]
[EventDate "2014.12.06"]

1. Nf3 c5 2. g3 g6 3. Bg2 Bg7 4. O-O Nc6 5. c4 e6 6. Nc3 Nge7 7. d3 O-O 8. a3
Rb8 9. Rb1 d6 10. Bg5 a6 11. Qd2 Qc7 12. Rfc1 Nf5 13. b4 h6 14. Be3 b6 15. b5
Ncd4 16. bxa6 Bxa6 17. Bxd4 Nxd4 18. Nxd4 cxd4 19. Nb5 Qc5 20. Qb4 Rfd8 21. Na7
Bb7 22. Qxc5 dxc5 23. Rxb6 Bxg2 24. Rxb8 Rxb8 25. Kxg2 Rb2 26. Ra1 Rxe2 27. a4
e5 28. Kf1 Rc2 29. a5 e4 30. a6 exd3 31. Nc6 d2 32. Rd1 Rxc4 33. a7 Ra4 34. Ke2
c4 35. Rxd2 d3+ 36. Ke3 Ra1 37. Rd1 Ra2 38. Rb1 Kh7 39. Rb8 c3 40. Kxd3 Rd2+
41. Ke3 Rd1 42. Rb4 Ra1 43. Kd3 Ra2 44. Rb5 Ra6 45. Ra5 Rxc6 46. a8=Q Rd6+ 47.
Rd5 Rb6 48. Qa7 Rb2 49. Qxf7 Rd2+ 50. Ke3 1-0

[Event "XXXV Memorial Edoardo Crespi Magistrale"]
[Site "Milano ITA"]
[Date "2014.12.11"]
[Round "7"]
[White "Andreoni, Giuseppe"]
[Black "Ricci, Marco"]
[WhiteElo "2179"]
[BlackElo "2048"]
[Result "1/2-1/2"]
[PlyCount "45"]
[EventDate "2014.12.06"]

1. e4 e5 2. Nf3 Nc6 3. Bc4 Bc5 4. c3 Nf6 5. d4 exd4 6. cxd4 Bb4+ 7. Bd2 Bxd2+
8. Nbxd2 d5 9. exd5 Nxd5 10. O-O O-O 11. Rc1 Nce7 12. Re1 c6 13. Ne4 Bf5 14.
Nc5 Qc7 15. Ne5 b6 16. Ne4 Rad8 17. Qf3 Bxe4 18. Rxe4 Qd6 19. Rce1 Ng6 20. Qb3
Nxe5 21. dxe5 Qc5 22. Rd1 b5 23. Bxd5 1/2-1/2

[Event "XXXV Memorial Edoardo Crespi Magistrale"]
[Site "Milano ITA"]
[Date "2014.12.11"]
[Round "7"]
[White "Arigoni, Bruno"]
[Black "Battistella, Stefano"]
[WhiteElo "2029"]
[BlackElo "2055"]
[Result "1/2-1/2"]
[PlyCount "51"]
[EventDate "2014.12.06"]

1. Nf3 c5 2. e3 Nf6 3. d4 b6 4. c4 g6 5. Nc3 Bg7 6. d5 d6 7. e4 Bg4 8. h3 Bxf3
9. Qxf3 Nbd7 10. g4 a6 11. Qg3 Rb8 12. a4 h6 13. f4 Nh7 14. h4 g5 15. hxg5 hxg5
16. fxg5 Ne5 17. Be2 Nf8 18. Rh5 Rg8 19. Bd2 Neg6 20. Kf1 Be5 21. Qf3 Bd4 22.
Kg2 Ne5 23. Qh3 Nfg6 24. Qg3 Qd7 25. Rh7 Rf8 26. Ra2 1/2-1/2

[Event "XXXV Memorial Edoardo Crespi Magistrale"]
[Site "Milano ITA"]
[Date "2014.12.11"]
[Round "7"]
[White "Brociner, Beniamino"]
[Black "Vanheirzeele, Daniel"]
[WhiteElo "2202"]
[BlackElo "2081"]
[Result "1/2-1/2"]
[PlyCount "89"]
[EventDate "2014.12.06"]

1. Nf3 c5 2. c4 Nc6 3. g3 e5 4. d3 g6 5. Bg2 Bg7 6. O-O Nge7 7. Nc3 O-O 8. Rb1
d6 9. a3 a5 10. Ne1 Be6 11. Nd5 Rb8 12. Bd2 b5 13. b3 b4 14. a4 Qd7 15. Nc2 Bh3
16. e3 Bxg2 17. Kxg2 f5 18. f3 Rbe8 19. Be1 Nxd5 20. cxd5 Ne7 21. e4 Bh6 22.
Qe2 Rf7 23. Bf2 Ref8 24. Be3 Bxe3 25. Nxe3 f4 26. Nc4 Qd8 27. Qe1 g5 28. g4 Ng6
29. Kf2 Kg7 30. Ke2 Rh8 31. Rg1 Kf6 32. Rb2 h6 33. Kd1 Rhh7 34. Kc1 Ra7 35. Kb1
Nh4 36. Rf2 Rhd7 37. Qc1 Ng6 38. Qc2 Rdc7 39. Rc1 Rc8 40. Qd1 Ra6 41. Rfc2 Kg7
42. Qe2 Ra7 43. Re1 Re7 44. Qd1 Kh8 45. Qc1 1/2-1/2

[Event "XXXV Memorial Edoardo Crespi Magistrale"]
[Site "Milano ITA"]
[Date "2014.12.11"]
[Round "7"]
[White "Cazzaniga, Walter"]
[Black "Motola, Jacopo"]
[WhiteElo "2115"]
[BlackElo "2069"]
[Result "1/2-1/2"]
[PlyCount "59"]
[EventDate "2014.12.06"]

1. d4 d5 2. c4 dxc4 3. e4 e5 4. Nf3 exd4 5. Bxc4 Bb4+ 6. Nbd2 Nc6 7. O-O Nf6 8.
e5 Nd5 9. Nb3 Nb6 10. Bb5 Bd7 11. Nbxd4 Nxd4 12. Nxd4 Bxb5 13. Nxb5 a6 14. Qg4
axb5 15. Qxb4 Qd7 16. Qe4 c6 17. Be3 Nd5 18. Bc5 Ra4 19. b4 g6 20. Rfe1 Qe6 21.
Qd4 h5 22. Bd6 Kd7 23. h3 Rha8 24. Rec1 Rxa2 25. Rxa2 Rxa2 26. Ra1 Rxa1+ 27.
Qxa1 Kd8 28. Qa5+ b6 29. Qa8+ Qc8 30. Qa7 1/2-1/2

[Event "XXXV Memorial Edoardo Crespi Magistrale"]
[Site "Milano ITA"]
[Date "2014.12.11"]
[Round "7"]
[White "D'Avino, Gianfranco"]
[Black "Nicolo', Filippo"]
[WhiteElo "2137"]
[BlackElo "2062"]
[Result "1-0"]
[PlyCount "147"]
[EventDate "2014.12.06"]

1. d4 e6 2. c4 f5 3. g3 Nf6 4. Bg2 d6 5. Nf3 g6 6. O-O Bg7 7. Nc3 O-O 8. Bg5 h6
9. Bxf6 Qxf6 10. e4 f4 11. e5 Qf7 12. exd6 cxd6 13. d5 g5 14. dxe6 Bxe6 15. Nd4
f3 16. Nxf3 Bxc4 17. Nd2 Be6 18. Nde4 Be5 19. Nxd6 Bxd6 20. Qxd6 Nc6 21. Qxe6
Qxe6 22. Bd5 Qxd5 23. Nxd5 Rf3 24. Rad1 Raf8 25. Ne3 R8f7 26. Rd6 Kg7 27. Kg2
h5 28. Nc2 g4 29. Ne1 R3f5 30. f4 gxf3+ 31. Rxf3 Ne5 32. Rxf5 Rxf5 33. Rd5 Kf6
34. Nd3 Nxd3 35. Rxd3 Rc5 36. Kf3 b5 37. h4 Rc2 38. b4 Rxa2 39. Rd5 Ra3+ 40.
Kf4 a6 41. Rxh5 Rb3 42. Rh6+ Kg7 43. Rxa6 Rxb4+ 44. Kg5 Rc4 45. Ra7+ Kg8 46. h5
Rc5+ 47. Kh4 Rd5 48. g4 b4 49. Rb7 Rd4 50. h6 Kh8 51. Kh5 Rc4 52. g5 Rc5 53.
Rxb4 Kh7 54. Rb7+ Kg8 55. Rb6 Kh7 56. Rf6 Rb5 57. Kg4 Rb7 58. Rf5 Kg6 59. Rf6+
Kh7 60. Re6 Rb5 61. Kf4 Rc5 62. Re5 Rc7 63. Kf5 Rf7+ 64. Kg4 Rc7 65. Kh5 Rc8
66. Re7+ Kg8 67. g6 Ra8 68. Kg5 Rb8 69. Kf6 Rf8+ 70. Rf7 Rb8 71. Re7 Rb6+ 72.
Re6 Rb8 73. Rd6 Rf8+ 74. Ke7 1-0

[Event "XXXV Memorial Edoardo Crespi Magistrale"]
[Site "Milano ITA"]
[Date "2014.12.11"]
[Round "7"]
[White "Gabuzyan, Hovhannes"]
[Black "Stella, Andrea"]
[WhiteElo "2565"]
[BlackElo "2410"]
[Result "0-1"]
[PlyCount "72"]
[EventDate "2014.12.06"]

1. d4 Nf6 2. Nf3 g6 3. c4 Bg7 4. g3 d5 5. cxd5 Nxd5 6. Nc3 Nb6 7. Bg2 Nc6 8. e3
O-O 9. O-O e5 10. d5 Na5 11. e4 c6 12. Bg5 f6 13. Be3 cxd5 14. Bxb6 Qxb6 15.
Nxd5 Qd8 16. Rc1 Nc6 17. Qb3 Rf7 18. Rfd1 Be6 19. Bf1 Qf8 20. h3 Rd8 21. Rc3
Kh8 22. g4 Nd4 23. Rxd4 exd4 24. Nxd4 Bc8 25. Bd3 f5 26. Rxc8 Bxd4 27. Rxd8
Qxd8 28. Ne3 Qc7 29. Kg2 fxe4 30. Be2 Qf4 31. Nd1 Kg7 32. h4 h6 33. h5 gxh5 34.
gxh5 Bxf2 35. Bc4 Qg4+ 36. Kh2 Qg1+ 0-1

[Event "XXXV Memorial Edoardo Crespi Magistrale"]
[Site "Milano ITA"]
[Date "2014.12.11"]
[Round "7"]
[White "Iudicello, Giovanni"]
[Black "Podetti, Davide"]
[WhiteElo "2099"]
[BlackElo "2002"]
[Result "1/2-1/2"]
[PlyCount "102"]
[EventDate "2014.12.06"]

1. e4 e6 2. Qe2 Be7 3. f4 d5 4. d3 Nf6 5. e5 Nfd7 6. Nf3 c5 7. g3 Nc6 8. Bg2 b6
9. O-O Bb7 10. c3 Qc7 11. a4 O-O-O 12. Na3 a6 13. Bd2 Rdg8 14. Rab1 h6 15. b4
cxb4 16. cxb4 g5 17. Rfc1 Kb8 18. Nb5 Qd8 19. Nbd4 Nxd4 20. Nxd4 gxf4 21. gxf4
Rg7 22. Kh1 Rhg8 23. Bf3 Ka7 24. Nc6+ Bxc6 25. Rxc6 Nb8 26. Rc2 Qd7 27. Rbc1
Kb7 28. Qf2 Bd8 29. a5 Qb5 30. axb6 Bxb6 31. Be3 Nd7 32. d4 f5 33. Qd2 Nb8 34.
Qc3 Rc7 35. Qe1 Rxc2 36. Rxc2 Nc6 37. Be2 Qxb4 38. Qa1 Qa5 39. Ra2 Qb4 40.
Bxa6+ Kc7 41. Rc2 Kd7 42. Rg2 Rxg2 43. Kxg2 Bxd4 44. Bxd4 Nxd4 45. Qc1 Nc6 46.
Bc8+ Ke7 47. Qxc6 Qd2+ 48. Kg1 Qe1+ 49. Kg2 Qe2+ 50. Kg3 Qe3+ 51. Kg2 Qe2+
1/2-1/2

[Event "XXXV Memorial Edoardo Crespi Magistrale"]
[Site "Milano ITA"]
[Date "2014.12.11"]
[Round "7"]
[White "Legky, Nikolay A."]
[Black "Pavlidis, Anastasios"]
[WhiteElo "2406"]
[BlackElo "2354"]
[Result "1/2-1/2"]
[PlyCount "38"]
[EventDate "2014.12.06"]

1. d4 g6 2. e4 Bg7 3. Nf3 d6 4. Nc3 Nf6 5. Be2 O-O 6. O-O Nbd7 7. e5 Ne8 8. Re1
c6 9. Bf4 dxe5 10. dxe5 Nc7 11. Qc1 Ne6 12. Bh6 Nxe5 13. Nxe5 Bxe5 14. Bxf8
Qxf8 15. Bc4 Qg7 16. Qd2 Qf6 17. Ne4 Qg7 18. Ng3 Qf6 19. Ne4 Qg7 1/2-1/2

[Event "XXXV Memorial Edoardo Crespi Magistrale"]
[Site "Milano ITA"]
[Date "2014.12.11"]
[Round "7"]
[White "Olea, Liliana"]
[Black "Aleksic, Nenad"]
[WhiteElo "1928"]
[BlackElo "2328"]
[Result "1/2-1/2"]
[PlyCount "61"]
[EventDate "2014.12.06"]

1. e4 c5 2. Nf3 e6 3. c4 a6 4. Nc3 d6 5. Be2 Nf6 6. O-O Be7 7. d4 cxd4 8. Nxd4
Qc7 9. Be3 O-O 10. Qd2 b6 11. f3 Nbd7 12. Rfc1 Bb7 13. a4 Rab8 14. a5 bxa5 15.
Nd1 Nc5 16. Qxa5 Qxa5 17. Rxa5 Rfc8 18. b4 Ncd7 19. Raa1 h6 20. Nf2 Ne5 21.
Rab1 Nfd7 22. Nb3 Ba8 23. f4 Ng6 24. b5 axb5 25. cxb5 Bd8 26. g3 Bb6 27. Bxb6
Nxb6 28. Nd4 Ne7 29. Bd3 Kf8 30. Ra1 Bb7 31. Kf1 1/2-1/2

[Event "XXXV Memorial Edoardo Crespi Magistrale"]
[Site "Milano ITA"]
[Date "2014.12.11"]
[Round "7"]
[White "Pelizzola, Danilo"]
[Black "Tramalloni, Luca"]
[WhiteElo "2033"]
[BlackElo "2053"]
[Result "1-0"]
[PlyCount "117"]
[EventDate "2014.12.06"]

1. e4 c5 2. Nf3 Nc6 3. d4 cxd4 4. Nxd4 Nf6 5. Nc3 d6 6. Be2 e6 7. O-O a6 8. Be3
Qc7 9. f4 Bd7 10. Nb3 b5 11. a3 Be7 12. Qd2 O-O 13. Bf3 Rab8 14. Ne2 Rfd8 15.
c3 Bc8 16. Ng3 Bb7 17. Qf2 Ba8 18. Rad1 Bf8 19. Nh5 Nxh5 20. Bxh5 a5 21. Rc1
Ne7 22. Bf3 Rdc8 23. Nd4 e5 24. Ne2 f5 25. Ng3 exf4 26. Bxf4 Ng6 27. Bd2 f4 28.
Ne2 d5 29. exd5 Bc5 30. Nd4 Qf7 31. Kh1 Bxd5 32. Bxd5 Qxd5 33. Qf3 Qa2 34. Rb1
b4 35. axb4 axb4 36. Nc6 bxc3 37. Nxb8 cxd2 38. Qc3 Qa7 39. b4 Qxb8 40. bxc5
Qc7 41. Qxd2 Qxc5 42. Rbc1 Qf8 43. Qd5+ Kh8 44. Rxc8 Qxc8 45. Ra1 Nf8 46. h3
Qc3 47. Rf1 Qf6 48. Re1 g5 49. Re5 h6 50. Rf5 Qe7 51. Kh2 Kg7 52. Re5 Qf6 53.
Re8 Kh8 54. Qe4 Kg8 55. Re7 Kh8 56. Qb7 Kg8 57. Qc7 Kh8 58. Rf7 Ne6 59. Qc8+
1-0

[Event "XXXV Memorial Edoardo Crespi Magistrale"]
[Site "Milano ITA"]
[Date "2014.12.01"]
[Round "7"]
[White "Podini, Francesco"]
[Black "Gedajlovic, Max"]
[WhiteElo "2000"]
[BlackElo "2104"]
[Result "0-1"]
[PlyCount "70"]
[EventDate "2014.12.06"]

1. d4 Nf6 2. Bf4 e6 3. e3 c5 4. c3 d5 5. Nf3 Nc6 6. Nbd2 Bd6 7. Bg3 O-O 8. Bd3
b6 9. Ne5 Bb7 10. f4 Ne7 11. Qf3 Nf5 12. Bf2 Be7 13. Qh3 Nd6 14. Bh4 Nfe4 15.
Ndf3 Bxh4+ 16. Nxh4 Qc8 17. g4 Ba6 18. Qf1 Bxd3 19. Qxd3 c4 20. Qe2 b5 21. O-O
a5 22. a3 Rb8 23. Qc2 b4 24. axb4 axb4 25. cxb4 Rxb4 26. Ng2 Qb7 27. f5 Rxb2
28. Qa4 exf5 29. gxf5 Qe7 30. Qd1 Qg5 31. Qg4 Qxg4 32. Nxg4 Nd2 33. Rf4 c3 34.
Nf2 c2 35. Rc1 Nb3 0-1

[Event "XXXV Memorial Edoardo Crespi Magistrale"]
[Site "Milano ITA"]
[Date "2014.12.11"]
[Round "7"]
[White "Vezzosi, Paolo"]
[Black "Rozentalis, Eduardas"]
[WhiteElo "2291"]
[BlackElo "2600"]
[Result "1/2-1/2"]
[PlyCount "74"]
[EventDate "2014.12.06"]

1. d4 Nf6 2. Nf3 e6 3. Bf4 b6 4. e3 Bb7 5. Bd3 Be7 6. h3 O-O 7. O-O d6 8. Nbd2
Nbd7 9. Re1 Re8 10. e4 Nf8 11. c3 Ng6 12. Bh2 Bf8 13. Qc2 e5 14. Rad1 Nh5 15.
Bb5 c6 16. Bf1 Qf6 17. Nc4 Nhf4 18. Ne3 Rad8 19. Ng4 Qe7 20. Bxf4 exf4 21. e5
Nh4 22. Nxh4 Qxh4 23. exd6 Bxd6 24. Bc4 b5 25. Bb3 Qg5 26. f3 c5 27. dxc5 Bxc5+
28. Kh1 Be3 29. Rxd8 Rxd8 30. Rd1 g6 31. Nh6+ Kg7 32. Nxf7 Rxd1+ 33. Qxd1 Qg3
34. Nd6 Bc6 35. Be6 Kh6 36. b4 a6 37. Ne4 Qh4 1/2-1/2

[Event "XXXV Memorial Edoardo Crespi Magistrale"]
[Site "Milano ITA"]
[Date "2014.12.12"]
[Round "8"]
[White "Aleksic, Nenad"]
[Black "Cazzaniga, Walter"]
[WhiteElo "2328"]
[BlackElo "2115"]
[Result "1/2-1/2"]
[PlyCount "31"]
[EventDate "2014.12.06"]

1. e4 e6 2. Nf3 d5 3. Nc3 Nf6 4. e5 Ne4 5. Ne2 Bc5 6. d4 Be7 7. Ng3 c5 8. Bd3
f5 9. exf6 Nxf6 10. dxc5 Nc6 11. O-O O-O 12. Qe2 Bxc5 13. c3 Bd7 14. Bb5 Qc7
15. Bxc6 bxc6 16. Ne5 1/2-1/2